Pénz, pénz, pénz - peniaze, peniaze, peniaze <a> magyar kisebbség gazdasági kultúrájának fejlesztése: információs anyag középiskolások részére a pénzügyi intelligencia tárgykörében

Salvato in:
Dettagli Bibliografici
Autore principale: Antalík, Imrich
Ente Autore: Univerzita Jánosa Selyeho v Komárne
Altri autori: Korcsmáros, Enikö
Natura: Libro
Lingua:ungherese
Pubblicazione: Komárno Selye János Egyetem Gazdaságtudományi Kar 2015
Edizione:1. vyd.
Soggetti:
Tags: Aggiungi Tag
Nessun Tag, puoi essere il primo ad aggiungerne!!

MARC

LEADER 00000nam a2200000 4500
001 0210570
005 20240502073516.9
020 |a 978-80-8122-161-3 
041 0 |a hun 
044 |a SK 
245 1 0 |a Pénz, pénz, pénz - peniaze, peniaze, peniaze  |b <a> magyar kisebbség gazdasági kultúrájának fejlesztése: információs anyag középiskolások részére a pénzügyi intelligencia tárgykörében  |c Imrich Antalík, Enikö Korcsmáros 
250 |a 1. vyd. 
264 1 |a Komárno  |b Selye János Egyetem Gazdaságtudományi Kar  |c 2015 
300 |a 84 s. [3,88 AH] 
610 2 0 |a gramotnosť finančná 
610 2 0 |a financie 
610 2 0 |a peniaze 
100 1 |a Antalík, Imrich 
700 1 |a Korcsmáros, Enikö 
710 2 |a Univerzita Jánosa Selyeho v Komárne